000 00545nam a2200121Ia 4500
008 220620s9999||||xx |||||||||||||| ||und||
100 _aReid, Ken
245 0 _aTruancy
546 _aEnglish[eng]
650 _aeducation||welfare||officers||specific||lesson||absence||pupil||referral||unit||post-registration
856 _uhttps://library.oapen.org/bitstream/20.500.12657/24067/1/1006065.pdf||https://library.oapen.org/bitstream/20.500.12657/24067/1/1006065.pdf||https://library.oapen.org/bitstream/20.500.12657/24067/1/1006065.pdf
942 _cEB
999 _c35116
_d35116